Z historie Banka e Shqipërisë, centrální banky Albánie
Informácia o histórii centrálnej banky Albánska - Banka e Shqipërisë.
Salvato in:
| Autore principale: | |
|---|---|
| Natura: | Capitolo di libro |
| Lingua: | ceco |
| Soggetti: | |
| Tags: |
Nessun Tag, puoi essere il primo ad aggiungerne!!
|
MARC
| LEADER | 00000naa a2200000 4500 | ||
|---|---|---|---|
| 001 | 0246653 | ||
| 005 | 20180730095729.8 | ||
| 041 | 0 | |a cze | |
| 044 | |a CZ | ||
| 245 | 1 | 0 | |a Z historie Banka e Shqipërisë, centrální banky Albánie |c Zbyněk Kalabis |
| 520 | |a Informácia o histórii centrálnej banky Albánska - Banka e Shqipërisë. | ||
| 610 | 2 | 0 | |a Albánsko |
| 610 | 2 | 0 | |a história |
| 610 | 2 | 0 | |a banky centrálne |
| 100 | 1 | |a Kalabis, Zbyněk | |